[Event "CRO-chT4A Center"]
[Site "Zagreb"]
[Date "2010.11.07"]
[Round "10.61"]
[White "Tomisic, Filip"]
[Black "Ganic, Martin"]
[Result "1-0"]
[WhiteElo "2124"]
[BlackElo "2080"]
[PlyCount "111"]
[EventDate "2010.03.21"]
[EventType "team-tourn"]
[EventRounds "11"]
[EventCountry "CRO"]
[SourceTitle "EXT 2012"]
[Source "ChessBase"]
[SourceDate "2011.11.24"]
[SourceVersion "1"]
[SourceVersionDate "2011.11.24"]
[SourceQuality "1"]

1. b3 e5 2. Bb2 Nc6 3. e3 Nf6 4. Ne2 d5 5. d4 Bb4+ 6. c3 Bd6 7. Na3 exd4 8. Nxd4 Nxd4 9. Qxd4 Qe7 10. Nc2 0-0 11. Bd3 Bg4 12. f3 c5 13. Qa4 b5 14. Bxb5 Bf5 15. 0-0-0 Bxc2 16. Kxc2 Qxe3 17. Bc1 Qe5 18. g4 Ne8 19. Rde1 Qf6 20. Bxe8 Qxf3 21. Bc6 Rac8 22. Bd2 Rc7 23. Rhf1 Qg2 24. Rg1 Qxh2 25. Bxd5 c4 26. Rh1 Qf2 27. Ref1 Qe2 28. Bxc4 Qg2 29. Rhg1 Qh2 30. Rh1 Qg2 31. Qb5 Bf4 32. Qd5 Qxd2+ 33. Qxd2 Bxd2 34. Kxd2 Rd8+ 35. Kc2 h6 36. g5 hxg5 37. Rf5 g6 38. Rxg5 Kg7 39. Rhg1 Rcd7 40. R1g2 Rd6 41. R5g3 f5 42. Rd3 Kf6 43. Rxd6+ Rxd6 44. Rd2 Rc6 45. Bd5 Ra6 46. a4 g5 47. Kd3 g4 48. Kd4 f4 49. Ke4 Kg5 50. Bc4 Rf6 51. Rd5+ Kh4 52. Rf5 Rxf5 53. Kxf5 f3 54. Kf4 g3 55. Kxf3 Kh3 56. Bf1+ 1-0

[Event "Zagreb op"]
[Site "Zagreb"]
[Date "2007.03.23"]
[Round "7"]
[White "Frank, Vladimir"]
[Black "Tomisic, Filip"]
[Result "1-0"]
[WhiteElo "2287"]
[BlackElo "2100"]
[PlyCount "91"]
[EventDate "2007.03.17"]
[EventType "swiss"]
[EventRounds "9"]
[EventCountry "CRO"]
[SourceTitle "CBM 117 Extra"]
[Source "ChessBase"]
[SourceDate "2007.05.09"]
[SourceVersion "1"]
[SourceVersionDate "2007.05.09"]
[SourceQuality "1"]

1. Nf3 Nf6 2. c4 g6 3. d4 Bg7 4. Nc3 d6 5. e4 0-0 6. Be2 c5 7. 0-0 b6 8. Re1 Bb7 9. Bf1 Na6 10. d5 Nc7 11. Bg5 e6 12. dxe6 fxe6 13. Qd2 Qe7 14. e5 dxe5 15. Nxe5 Rad8 16. Qe3 Rd4 17. a4 Qd6 18. f3 Ne4 19. Nxe4 Bxe4 20. Ng4 Bb7 21. Kh1 a5 22. Bh4 Qd7 23. Bg3 Rd8 24. Ra3 Rd1 25. Ne5 Qd2 26. Qxd2 R8xd2 27. Rxd1 Rxd1 28. Kg1 Na6 29. Rd3 Rxd3 30. Bxd3 Nb4 31. Bb1 Bf6 32. Kf2 Bd8 33. Ke3 Kg7 34. b3 Kf8 35. h4 Kg7 36. Be1 Kf8 37. g4 g5 38. hxg5 Bxg5+ 39. f4 Bf6 40. Nd7+ Ke7 41. Nxf6 Kxf6 42. Bc3+ Kf7 43. Bxh7 Bg2 44. g5 Ke7 45. g6 Nc2+ 46. Kd3 1-0